000 00814nam a2200229Ia 4500
003 GCL
005 20240530105649.0
008 140319s9999 xx 000 0 ara d
020 _a0108305977
040 _aGCL /
_cGCL
082 0 4 _aق
_b726.2
_bم ز
100 1 _aالمجلس الاعلى للاثار
245 1 0 _aزاوية عبدالرحمن كتخدا :
_bأثر رقم 214 /
_cالمجلس الاعلى للاثار
260 _aالقاهرة :
_bالمجلس الاعلى للاثار ،
_c1999
300 _aمتعدد ؛
_c24سم
650 0 4 _aالعمارة الاسلامية
650 0 4 _aالمساجد - مصر
650 0 4 _aمصر - الاثار الاسلامية
650 0 4 _aالمساجد - ترميم
650 0 4 _aزاوية عبد الرحمن كتخدا
942 _2ddc
_cBK
999 _c57053
_d57053